LIBRARY ONLINE CATALOGUE

Statistical Methods in Counterterrorism (Record no. 19002)

MARC details
000 -LEADER
fixed length control field 00606nam a22001577a 4500
008 - FIXED-LENGTH DATA ELEMENTS--GENERAL INFORMATION
fixed length control field 210626b xxu||||| |||| 00| 0 eng d
020 ## - INTERNATIONAL STANDARD BOOK NUMBER
International Standard Book Number 0387329048
050 ## - LIBRARY OF CONGRESS CALL NUMBER
Classification number HV6432
Item number .S73 2006
245 ## - TITLE STATEMENT
Title Statistical Methods in Counterterrorism
Remainder of title Game Theory, Modeling Syndromic Surveillance, and Biometric Identification
Statement of responsibility, etc. Edited by Alyson G. Wilson, Gregory D. Wilson & David H. Olwell
260 ## - PUBLICATION, DISTRIBUTION, ETC. (IMPRINT)
Place of publication, distribution, etc. New York
Name of publisher, distributor, etc. Springer
Date of publication, distribution, etc. 2006
300 ## - PHYSICAL DESCRIPTION
Extent xii, 293p.
650 ## - SUBJECT ADDED ENTRY--TOPICAL TERM
Topical term or geographic name as entry element Terrorism
Geographic subdivision United States
650 ## - SUBJECT ADDED ENTRY--TOPICAL TERM
Topical term or geographic name as entry element Bimetric Identification
650 ## - SUBJECT ADDED ENTRY--TOPICAL TERM
Topical term or geographic name as entry element Behavioral Assessment
Form subdivision Statistical Methods
942 ## - ADDED ENTRY ELEMENTS (KOHA)
Source of classification or shelving scheme Library of Congress Classification
Koha item type General Collection
Holdings
Withdrawn status Lost status Source of classification or shelving scheme Not for loan Home library Current library Date acquired Cost, normal purchase price Total Checkouts Full call number Barcode Date last seen Price effective from Koha item type Date last checked out
    Library of Congress Classification   Kabarak, Main Campus Kabarak, Main Campus 26/06/2021 8049.00   HV6432 .S73 2006 c.1 029094 26/06/2021 26/06/2021 General Collection  
    Library of Congress Classification   Kabarak, Main Campus Kabarak, Main Campus 26/06/2021 8049.00   HV6432 .S73 2006 c.2 029092 07/06/2023 26/06/2021 General Collection  
    Library of Congress Classification   Kabarak, Main Campus Kabarak, Main Campus 26/06/2021 8049.00 1 HV6432 .S73 2006 c.3 029093 09/06/2023 26/06/2021 General Collection 09/06/2023